[Event "chess.com SpeedChess Q2Sw"]
[Site "chess.com INT"]
[Date "2022.11.12"]
[Round "1"]
[White "Tabatabaei, M. Amin"]
[Black "Czerw, Dawid"]
[Result "1-0"]
[WhiteTitle "GM"]
[BlackTitle "FM"]
[WhiteElo "2655"]
[BlackElo "2373"]
[WhiteFideId "12521213"]
[BlackFideId "1145746"]
[EventDate "2022.11.12"]

1. d4 Nf6 2. Nf3 e6 3. c3 d5 4. Bf4 c5 5. e3 Nc6 6. Nbd2 cxd4 7. exd4 Nh5 8. Be3
Bd6 9. Bd3 Nf4 10. Bxf4 Bxf4 11. O-O O-O 12. Re1 g6 13. Nf1 f6 14. g3 Bc7 15. b4
a6 16. a4 Bd7 17. h4 Qe7 18. Ne3 Qg7 19. Qb3 Kh8 20. c4 Ne7 21. cxd5 Nxd5 22.
Nxd5 exd5 23. Rac1 Rac8 24. b5 axb5 25. Bxb5 Bg4 26. Qxd5 Ba5 27. Rxc8 Rxc8 28.
Re3 Rd8 29. Qe4 Bf5 30. Qe7 Qxe7 31. Rxe7 Bc3 32. Rxb7 Be4 33. Rc7 Ba5 34. Ra7
Bxf3 35. Rxa5 Rxd4 36. Kh2 h5 37. Ra6 f5 38. Bc6 Be4 39. Bxe4 fxe4 40. Rxg6 Rxa4
41. Rh6+ Kg7 42. Rxh5 Kf6 43. Rh8 Ra2 44. Kg1 Ra1+ 45. Kg2 Ra2 46. Re8 Kf5 47.
h5 Re2 48. h6 Kg6 49. Kf1 Ra2 50. Rxe4 Kxh6 51. Kg2 Kg5 52. Rb4 Rc2 53. Rb5+ Kg4
54. Rb4+ Kg5 55. Rb3 Ra2 56. Kf3 Kf5 57. Rb5+ Kf6 58. g4 Ra3+ 59. Kf4 Ra2 60. f3
Ra4+ 61. Kg3 Ra3 62. Rb6+ Kg5 63. Rb5+ Kg6 64. g5 Ra4 65. f4 Ra1 66. Rb6+ Kf5
67. Rf6+ Ke4 68. g6 Rg1+ 69. Kf2 Rg4 70. f5 Ke5 71. Rf7 Rg5 72. g7 Rg4 73. f6 1-0

[Event "chess.com SpeedChess Q2Sw"]
[Site "chess.com INT"]
[Date "2022.11.12"]
[Round "1"]
[White "Srihari, L R"]
[Black "Gatterer, Florian"]
[Result "1/2-1/2"]
[WhiteTitle "IM"]
[BlackTitle "FM"]
[WhiteElo "2436"]
[BlackElo "2169"]
[WhiteFideId "46617116"]
[BlackFideId "811688"]
[EventDate "2022.11.12"]

1. Nf3 d5 2. c4 c6 3. d4 Nf6 4. Qc2 dxc4 5. Qxc4 Bg4 6. Nbd2 Nbd7 7. g3 e6 8.
Bg2 Be7 9. O-O O-O 10. Re1 Rc8 11. Ne5 Bh5 12. Nxd7 Qxd7 13. Nb3 b5 14. Qc2 Bg6
15. e4 Bb4 16. Rd1 a5 17. a3 Be7 18. Nxa5 Bh5 19. f3 Rfd8 20. Be3 b4 21. axb4
Bxb4 22. Nc4 Qb7 23. h4 h6 24. Ne5 Nd7 25. Nd3 Be7 26. Nf4 Nf6 27. e5 Nd5 28.
Nxd5 cxd5 29. Qf2 Rb8 30. Rd2 Bb4 31. Re2 Bg6 32. Rd1 Rdc8 33. Bf1 Rc7 34. g4
Rbc8 35. h5 Bh7 36. g5 hxg5 37. Bxg5 Be7 38. Bxe7 Rxe7 39. Qg3 Kh8 40. Rg2 Rg8
41. Bd3 Bxd3 42. Rxd3 Rc7 43. Kh2 Qc8 44. f4 Rc2 45. Rc3 Rxc3 46. bxc3 Qc4 47.
h6 g6 48. Qg5 Qc7 49. h7 Rg7 50. Qf6 Kxh7 51. Rg3 Kg8 52. Rh3 Rh7 53. Rxh7 Kxh7
54. Qh4+ Kg8 55. Qg3 Qc4 56. Kh3 Qe2 57. Qg4 Qd3+ 58. Qg3 Qf1+ 59. Kh2 Qe2+ 60.
Kg1 Kg7 61. Kh1 Qe4+ 62. Kh2 Qe2+ 63. Kg1 Qd1+ 64. Kf2 Qd2+ 65. Kf1 Qd1+ 66. Kf2
Qd2+ 67. Kf1 Qd1+ 68. Kf2 1/2-1/2

[Event "chess.com SpeedChess Q2Sw"]
[Site "chess.com INT"]
[Date "2022.11.12"]
[Round "1"]
[White "Aarav, Dengla"]
[Black "Boros, Denes"]
[Result "0-1"]
[WhiteTitle "FM"]
[BlackTitle "GM"]
[WhiteElo "2357"]
[BlackElo "2402"]
[WhiteFideId "45059756"]
[BlackFideId "722340"]
[EventDate "2022.11.12"]

1. e4 g6 2. d4 d5 3. exd5 Qxd5 4. Nc3 Qd8 5. Nf3 Bg7 6. h3 a6 7. Bc4 Nf6 8. O-O
O-O 9. Be3 b5 10. Bb3 Bb7 11. Ne5 Nbd7 12. Qd2 Ne4 13. Nxe4 Bxe4 14. f3 Bb7 15.
Nxd7 Qxd7 16. c3 a5 17. a4 Bd5 18. Bc2 Rfb8 19. Bh6 Bf6 20. Bg5 b4 21. Bxf6 exf6
22. Bd3 Bb3 23. Bb5 Qd6 24. Rfe1 c6 25. Bd3 c5 26. dxc5 Qxc5+ 27. Qf2 Qd6 28.
Be4 Ra6 29. Re2 f5 30. Rd2 Qe5 31. Bd3 Rd6 32. Qe1 Qxe1+ 33. Rxe1 Rbd8 34. cxb4
axb4 35. Re3 f4 36. Re4 Rxd3 37. Rxd3 Rxd3 38. Rxb4 g5 39. a5 Bd5 40. Rb5 Rd1+
41. Kf2 Bc4 42. Rxg5+ Kf8 43. g3 Rd2+ 44. Ke1 Re2+ 45. Kd1 Rxb2 46. gxf4 Rb3 47.
Rc5 Bf1 48. Ke1 Bxh3 49. a6 Ra3 50. Rc6 Bg2 51. Kf2 Bxf3 52. Rc8+ Kg7 53. a7 Bh1
54. Kg1 Bb7 55. Rc5 Rxa7 56. Kf2 Ra3 57. Rc7 Be4 58. Rc4 Bf5 59. Rc5 Kf6 60.
Rc6+ Be6 61. Rc5 h6 62. Rh5 Kg6 63. Rc5 Bf5 64. Rd5 h5 65. Rd6+ Be6 66. Rb6 h4
67. Rb5 h3 68. Rg5+ Kh6 69. Rg8 Kh7 70. Rg5 f6 71. Rh5+ Kg6 72. Rb5 Ra2+ 73. Kg1
h2+ 74. Kh1 Bg4 75. Rb3 Rf2 76. Rg3 Kf5 77. Rxg4 Kxg4 78. f5 Rf3 79. Kxh2 Rxf5
80. Kg2 Rf3 0-1

[Event "chess.com SpeedChess Q2Sw"]
[Site "chess.com INT"]
[Date "2022.11.12"]
[Round "1"]
[White "Borisova, Ekaterina"]
[Black "Pakleza, Zbigniew"]
[Result "1/2-1/2"]
[WhiteTitle "FM"]
[BlackTitle "GM"]
[WhiteElo "2223"]
[BlackElo "2496"]
[WhiteFideId "34124184"]
[BlackFideId "1119290"]
[EventDate "2022.11.12"]

1. d4 d6 2. e4 Nf6 3. Nc3 c6 4. Nf3 Bg4 5. h3 Bh5 6. Be2 e6 7. Bg5 Be7 8. O-O d5
9. e5 Nfd7 10. Bxe7 Qxe7 11. a4 O-O 12. Ne1 Bxe2 13. Nxe2 c5 14. c3 Nc6 15. Nd3
cxd4 16. cxd4 Rfc8 17. Qb3 Na5 18. Qb5 Nc4 19. Rfc1 Ndb6 20. Nc5 a6 21. Qb4 a5
22. Qb5 Rc6 23. Rc2 Qg5 24. Nxb7 Rc7 25. Nc5 Rac8 26. b3 h5 27. bxc4 Nxc4 28.
Kh1 h4 29. Ng1 Qf5 30. Rca2 Nxe5 31. Na6 Rc2 32. Rxc2 Rxc2 33. dxe5 Qxf2 34. Qf1
Qd4 35. Nf3 Qc3 36. Rb1 d4 37. Kh2 Kh7 38. Qe1 Kg6 39. Qxh4 Qxf3 40. Qg4+ Qxg4
41. hxg4 Ra2 42. Nc5 d3 43. Nxd3 Rxa4 44. Ne1 Rxg4 45. Nf3 Ra4 46. Kg3 Kf5 47.
Rb7 Kg6 48. Ra7 f6 49. Ra6 Kf5 50. Ra7 Kg6 51. Kh3 Ra3 52. Kg4 Ra4+ 53. Kg3 Ra3
54. Kf2 Ra2+ 55. Ke3 Ra3+ 56. Ke4 Ra4+ 57. Ke3 Ra3+ 58. Kf4 Ra4+ 59. Kg3 Ra3 60.
Kh2 Ra2 61. Nd4 fxe5 62. Nxe6 e4 63. Nd4 Kf6 64. Kg3 e3 65. Kf3 Ke5 66. Ne2 g5
67. g4 Ra3 68. Ra6 Kd5 69. Rg6 a4 70. Rxg5+ Kc4 71. Ra5 Kd3 72. g5 Ra1 73. Nf4+
Kd2 74. Rd5+ Kc3 75. Kxe3 a3 76. Ra5 Kb4 77. Ra8 Rg1 78. g6 Kb3 79. Ke4 a2 80.
Kf5 Kb2 81. Kf6 a1=Q 82. Rxa1 Kxa1 83. Nd5 Rxg6+ 84. Kxg6 1/2-1/2

[Event "chess.com SpeedChess Q2Sw"]
[Site "chess.com INT"]
[Date "2022.11.12"]
[Round "1"]
[White "Demidov, Mikhail"]
[Black "Andreev, Eduard UKR"]
[Result "1-0"]
[WhiteTitle "GM"]
[BlackTitle "GM"]
[WhiteElo "2568"]
[BlackElo "2413"]
[WhiteFideId "4197143"]
[BlackFideId "14103400"]
[EventDate "2022.11.12"]

1. Nf3 c5 2. g3 Nc6 3. Bg2 g6 4. O-O Bg7 5. c3 d5 6. d4 cxd4 7. cxd4 Nf6 8. Nc3
Ne4 9. Bf4 Nxc3 10. bxc3 O-O 11. Rc1 Na5 12. Nd2 Be6 13. e4 Rc8 14. Re1 Re8 15.
Qa4 b6 16. Nb3 Bd7 17. Qa3 dxe4 18. Nxa5 bxa5 19. Bxe4 Bb5 20. Rb1 Bc6 21. Bxc6
Rxc6 22. Rb7 Bf6 23. Rb8 Qd7 24. Rxe8+ Qxe8 25. Qxa5 Qc8 26. Rb1 Kg7 27. Rb8 Qd7
28. h4 h5 29. Be3 e6 30. Bf4 Qd5 31. Qxd5 exd5 32. Bd2 Ra6 33. Rb2 Ra3 34. Kf1
Be7 35. Ke2 Kf6 36. Kd3 Kf5 37. Bc1 Ra6 38. Rb7 Ke6 39. Rb2 Ba3 40. Re2+ Kd6 41.
Bf4+ Kd7 42. Re5 Ra5 43. Re2 Be7 44. f3 Ra3 45. Bc1 Ra4 46. Bg5 Bd6 47. g4 Ra3
48. gxh5 gxh5 49. Bc1 Ra4 50. Bg5 Kc6 51. Rg2 Ra3 52. Bc1 Ra4 53. Rg7 Rxa2 54.
Rxf7 a5 55. Rf6 Kd7 56. Rf5 Ke6 57. Rxh5 a4 58. Rh6+ Kd7 59. Rh7+ Kc6 60. Ra7
Kb6 61. Ra8 Kb7 62. Rd8 Kc7 63. Rg8 a3 64. Ra8 Kb7 65. Ra4 Ra1 66. Kc2 Ra2+ 67.
Kb3 Rf2 68. Bxa3 Bxa3 69. Rxa3 Rxf3 70. Ra5 Kc6 71. Ra6+ Kd7 72. h5 Rh3 73. Kb4
Kc7 74. h6 Kb7 75. Rg6 Kc7 76. Rg7+ Kd6 77. h7 Rh4 78. Kb5 Rh3 79. Kb6 Rh1 80.
Kb5 Rb1+ 81. Ka6 Rh1 82. Kb7 Rb1+ 83. Kc8 Rh1 84. Kd8 Ke6 85. Ke8 Kf6 86. Rf7+
Kg6 87. Kf8 Ra1 88. Kg8 Ra8+ 89. Rf8 1-0

[Event "chess.com SpeedChess Q2Sw"]
[Site "chess.com INT"]
[Date "2022.11.12"]
[Round "1"]
[White "Aghasiyev, Kamal"]
[Black "Lazavik, Denis"]
[Result "1-0"]
[WhiteTitle "IM"]
[BlackTitle "IM"]
[WhiteElo "2441"]
[BlackElo "2529"]
[WhiteFideId "13402854"]
[BlackFideId "13515110"]
[EventDate "2022.11.12"]

1. d4 f5 2. Nf3 Nf6 3. g3 g6 4. Bg2 Bg7 5. O-O O-O 6. b3 d6 7. Bb2 c6 8. Nbd2 a5
9. c4 Na6 10. a3 Nc7 11. Qc2 Rb8 12. e4 fxe4 13. Nxe4 Bf5 14. Nxf6+ Bxf6 15. Qd2
a4 16. b4 b5 17. c5 Be4 18. Qe3 Bd5 19. Bc3 Qd7 20. Rfe1 Rf7 21. Rad1 Rbf8 22.
Rf1 Bg7 23. Nh4 Bxg2 24. Nxg2 Nd5 25. Qc1 Rf3 26. Bb2 Qh3 27. Qc2 g5 28. Qe4
R8f6 29. Rfe1 Rxf2 30. Re2 Rxe2 31. Qxe2 Rh6 32. Ne1 Re6 33. Qf2 Rf6 34. Qg2 Qf5
35. Nc2 Re6 36. Bc1 h6 37. Qf2 Qg4 38. Rf1 Rf6 39. Qd2 Rxf1+ 40. Kxf1 Qf3+ 41.
Kg1 Bf6 42. Ne1 Qe4 43. Nc2 Kg7 44. Qd1 Kg6 45. Bb2 h5 46. Ne1 h4 47. Qd3 Qxd3
48. Nxd3 hxg3 49. hxg3 Kf5 50. Nf2 g4 51. Kf1 Bg5 52. Ke2 Be3 53. Nd1 Bg1 54.
Kd3 Nf6 55. Bc1 Ne4 56. d5 dxc5 57. dxc6 c4+ 58. Ke2 Ke6 59. Be3 Bxe3 60. Nxe3
Kd6 61. Nxg4 Nxg3+ 62. Kf3 Nf5 63. Kf4 e6 64. Ne5 Ne7 65. Ke4 Nxc6 66. Nf7+ Ke7
67. Ng5 Nd8 68. Kd4 Kd6 69. Ne4+ Kc6 70. Ng5 Kd6 71. Ne4+ Ke7 72. Nc3 Nc6+ 73.
Kc5 Ne5 74. Nxb5 Kd7 75. Nc3 Nd3+ 76. Kxc4 Nb2+ 77. Kb5 e5 78. Nxa4 Nd1 79. Nc5+
Kd6 80. a4 Nc3+ 81. Kc4 Nd5 82. a5 Ne3+ 83. Kb5 Nd5 84. a6 Nc7+ 85. Kb6 Nd5+ 86.
Kb7 Nxb4 87. Ne4+ Kd5 88. a7 Kxe4 89. a8=Q Nd5 90. Kc6 Nf4 91. Kd6+ Kf5 92. Qf8+
Ke4 93. Qe7 Nd3 94. Qh7+ Kd4 95. Qh8 Ke4 96. Qh7+ Kd4 97. Qh8 Ke4 98. Qa8+ Kd4
99. Ke6 e4 100. Qa7+ Kc3 101. Kf5 1-0

[Event "chess.com SpeedChess Q2Sw"]
[Site "chess.com INT"]
[Date "2022.11.12"]
[Round "2"]
[White "Postnikov, Daniil"]
[Black "Kazancev, Valerij M"]
[Result "1-0"]
[WhiteTitle "FM"]
[BlackTitle "FM"]
[WhiteElo "2360"]
[BlackElo "2313"]
[WhiteFideId "4166329"]
[BlackFideId "4179609"]
[EventDate "2022.11.12"]

1. d4 Nf6 2. c4 e6 3. Nf3 b6 4. g3 Bb7 5. Bg2 d5 6. Ne5 Nbd7 7. Qa4 c5 8. Be3
Qc8 9. Nxd7 Qxd7 10. Qxd7+ Kxd7 11. dxc5 Ng4 12. cxd5 Nxe3 13. c6+ Kc7 14. fxe3
Ba6 15. O-O exd5 16. Rxf7+ Kxc6 17. Nc3 Rd8 18. Rd1 Bc5 19. Nxd5 1-0

[Event "chess.com SpeedChess Q2Sw"]
[Site "chess.com INT"]
[Date "2022.11.12"]
[Round "2"]
[White "Jegorovas, Aleksandras"]
[Black "Swiercz, Dariusz"]
[Result "0-1"]
[WhiteTitle "FM"]
[BlackTitle "GM"]
[WhiteElo "2270"]
[BlackElo "2646"]
[WhiteFideId "12801950"]
[BlackFideId "1126881"]
[EventDate "2022.11.12"]

1. Nf3 b6 2. g3 Bb7 3. Bg2 g6 4. O-O Bg7 5. c4 c5 6. Nc3 Nc6 7. e4 d6 8. d3 Qd7
9. Be3 Nd4 10. Bxd4 cxd4 11. Ne2 e5 12. b4 Ne7 13. a4 a5 14. b5 O-O 15. Nd2 f5
16. f4 Rae8 0-1

[Event "chess.com SpeedChess Q2Sw"]
[Site "chess.com INT"]
[Date "2022.11.12"]
[Round "2"]
[White "Melian, Juan Sebastian"]
[Black "Adury, Anant"]
[Result "0-1"]
[WhiteTitle "CM"]
[WhiteElo "2150"]
[BlackElo "2027"]
[WhiteFideId "3706575"]
[BlackFideId "30964687"]
[EventDate "2022.11.12"]

1. e4 c6 2. d4 d5 3. exd5 cxd5 4. Bd3 Nc6 5. c3 Nf6 6. Ne2 Bg4 7. O-O e6 8. Qe1
Bxe2 9. Qxe2 Bd6 10. f4 Qc7 11. Be3 O-O-O 12. Nd2 h5 13. Nf3 Ng4 14. Ne5 Nxe3
15. Qxe3 f6 16. Ng6 Rhe8 17. Qh3 Kb8 18. Qxh5 e5 19. fxe5 fxe5 20. dxe5 Nxe5 21.
Nxe5 Bxe5 22. h3 Qb6+ 23. Kh1 Qxb2 24. Rab1 Qxc3 25. Rf7 Bc7 26. Ba6 Re1+ 27.
Rf1 Rxf1+ 28. Bxf1 Qg3 29. Kg1 Rf8 30. Rxb7+ Kxb7 31. Qxd5+ Kb8 0-1

[Event "chess.com SpeedChess Q2Sw"]
[Site "chess.com INT"]
[Date "2022.11.12"]
[Round "2"]
[White "Ivic, Velimir"]
[Black "Krishnakumar, Sriram"]
[Result "1-0"]
[WhiteTitle "GM"]
[BlackTitle "FM"]
[WhiteElo "2560"]
[BlackElo "2248"]
[WhiteFideId "950122"]
[BlackFideId "30915856"]
[EventDate "2022.11.12"]

1. e4 e5 2. Nf3 Nc6 3. Bb5 a6 4. Ba4 Nf6 5. O-O b5 6. Bb3 Bc5 7. a4 Rb8 8. c3 d6
9. d4 Bb6 10. h3 h6 11. Be3 O-O 12. Nbd2 Re8 13. Re1 Bb7 14. axb5 axb5 15. d5
Ne7 16. Bxb6 cxb6 17. Bc2 Ng6 18. Bd3 Qd7 19. Qb3 Red8 20. Bxb5 Qc7 21. Bf1 Nf4
22. g3 Ng6 23. Ra7 Ra8 24. Rea1 Rxa7 25. Rxa7 Ne8 26. Qa4 Ne7 27. Ba6 b5 28.
Qxb5 Bxa6 29. Qxa6 1-0

[Event "chess.com SpeedChess Q2Sw"]
[Site "chess.com INT"]
[Date "2022.11.12"]
[Round "2"]
[White "Baskakov, Egor"]
[Black "Artemiev, Vladislav"]
[Result "0-1"]
[WhiteTitle "CM"]
[BlackTitle "GM"]
[WhiteElo "2215"]
[BlackElo "2701"]
[WhiteFideId "24197866"]
[BlackFideId "24101605"]
[EventDate "2022.11.12"]

1. e4 e5 2. Nc3 Nc6 3. g3 Bc5 4. Bg2 d6 5. h3 f5 6. d3 Nf6 7. Nge2 O-O 8. exf5
Bxf5 9. O-O Qe8 10. Ne4 Nxe4 11. dxe4 Be6 12. Be3 Bxe3 13. fxe3 Qh5 14. g4 Qg5
15. Ng3 Qxe3+ 16. Kh2 g6 17. c3 Rxf1 18. Qxf1 Rf8 19. Qb5 Qb6 20. Qxb6 axb6 21.
Kg1 Kg7 22. Nf1 Kh6 23. Ne3 Kg5 24. a3 Na5 25. Re1 Nc4 26. Nxc4 Bxc4 27. Re3 Kh4
28. Re1 Rf4 29. Rb1 Be2 30. Re1 Bf3 31. Bxf3 Rxf3 32. Kg2 Rg3+ 0-1

[Event "chess.com SpeedChess Q2Sw"]
[Site "chess.com INT"]
[Date "2022.11.12"]
[Round "2"]
[White "Rudykh, Stepan"]
[Black "Veiga, Jose Francisco R P Neves"]
[Result "1-0"]
[WhiteTitle "CM"]
[BlackTitle "IM"]
[WhiteElo "2218"]
[BlackElo "2393"]
[WhiteFideId "4180321"]
[BlackFideId "1930087"]
[EventDate "2022.11.12"]

1. e4 Nc6 2. Nf3 e5 3. Bb5 Nf6 4. O-O Nxe4 5. d4 Nd6 6. Bxc6 dxc6 7. dxe5 Nf5 8.
Qxd8+ Kxd8 9. Nc3 h6 10. h3 Be6 11. Ne2 Bc5 12. Nf4 Bc8 13. b3 b6 14. Bb2 Ba6
15. Rfe1 Re8 16. Nh5 Bf8 17. g4 Ne7 18. Nd4 Kc8 19. e6 f6 20. Nf5 Nxf5 21. gxf5
Kb7 22. Rad1 Rad8 23. Rxd8 Rxd8 24. e7 Bxe7 25. Rxe7 Rd1+ 26. Kg2 Bf1+ 27. Kg3
Rd2 28. Nxg7 Rxc2 29. Bxf6 Rxa2 30. Be5 a5 31. f6 a4 32. bxa4 Rxa4 33. f7 Ra3+
34. Kf4 Bg2 35. Kf5 Rf3+ 36. Kg6 Bxh3 37. Bf6 Rxf2 38. f8=Q Rg2+ 39. Kh7 c5 40.
Be5 1-0

[Event "chess.com SpeedChess Q2Sw"]
[Site "chess.com INT"]
[Date "2022.11.12"]
[Round "2"]
[White "Gatterer, Florian"]
[Black "Hardaway, Brewington"]
[Result "0-1"]
[WhiteTitle "FM"]
[BlackTitle "CM"]
[WhiteElo "2169"]
[BlackElo "2259"]
[WhiteFideId "811688"]
[BlackFideId "30941849"]
[EventDate "2022.11.12"]

1. c4 e6 2. Nf3 Nf6 3. Nc3 Bb4 4. Qb3 Nc6 5. a3 Bxc3 6. Qxc3 O-O 7. b4 d5 8. Bb2
a5 9. b5 Ne7 10. e3 c5 11. g4 h6 12. Rg1 Ng6 13. h4 e5 14. Nxe5 Nxe5 15. Qxe5
Re8 16. Qh2 Nxg4 17. Rxg4 Bxg4 18. Qg3 f5 19. f3 d4 20. fxg4 dxe3 21. O-O-O f4
22. Qg2 Qxh4 23. Bd3 Rad8 24. Be4 exd2+ 25. Rxd2 Qe1+ 26. Kc2 Rxd2+ 27. Qxd2
Qxd2+ 28. Kxd2 Rxe4 0-1

[Event "chess.com SpeedChess Q2Sw"]
[Site "chess.com INT"]
[Date "2022.11.12"]
[Round "2"]
[White "Lewtak, Damian"]
[Black "Pham, Le Thao Nguyen"]
[Result "1-0"]
[WhiteTitle "IM"]
[BlackTitle "IM"]
[WhiteElo "2385"]
[BlackElo "2369"]
[WhiteFideId "1141724"]
[BlackFideId "12401226"]
[EventDate "2022.11.12"]

1. e4 g5 2. d4 h6 3. h4 gxh4 4. Nc3 d6 5. Bc4 a6 6. Rxh4 e6 7. Rh1 b5 8. Bd3 Bb7
9. Be3 Bg7 10. Qg4 Bf6 11. O-O-O Nc6 12. Nf3 Nb4 13. e5 Nxd3+ 14. Rxd3 Be7 15.
d5 Qd7 16. Qg7 O-O-O 17. Qxh8 b4 18. Ne2 Bxd5 19. exd6 Bf6 20. Qh7 Qa4 21. Bd4
e5 22. Bxe5 Bxe5 23. Nxe5 Nf6 24. Qf5+ Be6 25. Qxf6 cxd6 26. Rh4 1-0

[Event "chess.com SpeedChess Q2Sw"]
[Site "chess.com INT"]
[Date "2022.11.12"]
[Round "2"]
[White "Andreev, Konstantin"]
[Black "Stearman, Josiah"]
[Result "0-1"]
[WhiteTitle "CM"]
[BlackTitle "IM"]
[WhiteElo "2248"]
[BlackElo "2377"]
[WhiteFideId "24239305"]
[BlackFideId "2062496"]
[EventDate "2022.11.12"]

1. e4 c5 2. Nf3 Nc6 3. Nc3 g6 4. d4 cxd4 5. Nxd4 Bg7 6. Be3 Nf6 7. Bc4 O-O 8.
Bb3 Re8 9. f3 e6 10. Qd2 d5 11. O-O-O Nxd4 12. Bxd4 e5 13. Bf2 d4 14. Nd5 a5 15.
a3 b5 16. Kb1 a4 17. Nxf6+ Bxf6 18. Bd5 Rb8 19. c3 Be6 20. cxd4 Bxd5 21. exd5
Qxd5 22. dxe5 Qxe5 23. Bg3 Qf5+ 24. Ka1 Rbd8 25. Qb4 Rxd1+ 26. Rxd1 Re2 27. Rb1
Qd3 28. Bh4 Bd4 29. Bg3 h5 30. Qd6 Bxb2+ 31. Rxb2 Re1+ 32. Ka2 Qc4+ 0-1

[Event "chess.com SpeedChess Q2Sw"]
[Site "chess.com INT"]
[Date "2022.11.12"]
[Round "2"]
[White "Svane, Frederik"]
[Black "Selkirk, Rebecca"]
[Result "1-0"]
[WhiteTitle "GM"]
[BlackTitle "WCM"]
[WhiteElo "2568"]
[BlackElo "1674"]
[WhiteFideId "12923044"]
[BlackFideId "14306514"]
[EventDate "2022.11.12"]

1. e4 c6 2. d4 d5 3. exd5 cxd5 4. Nf3 Nc6 5. c3 Nf6 6. Ne5 Bf5 7. Bb5 Rc8 8. Nd2
e6 9. g4 Be4 10. f3 Bg6 11. h4 h6 12. Nxg6 fxg6 13. Qe2 Kf7 14. Nb3 Bd6 15. Be3
a6 16. Bd3 Rf8 17. O-O-O Nb4 18. Bb1 Kg8 19. a3 Nc6 20. Bxg6 a5 21. g5 Nd7 22.
gxh6 a4 23. hxg7 axb3 24. gxf8=Q+ Bxf8 25. Rdg1 Kh8 26. Bg5 Qa5 27. f4 Nxd4 28.
Qh5+ 1-0

[Event "chess.com SpeedChess Q2Sw"]
[Site "chess.com INT"]
[Date "2022.11.12"]
[Round "2"]
[White "Borisova, Ekaterina"]
[Black "Samadov, Read"]
[Result "1-0"]
[WhiteTitle "FM"]
[BlackTitle "FM"]
[WhiteElo "2223"]
[BlackElo "2450"]
[WhiteFideId "34124184"]
[BlackFideId "13417444"]
[EventDate "2022.11.12"]

1. d4 Nf6 2. c4 e6 3. Nc3 Bb4 4. f3 c5 5. d5 b5 6. e4 d6 7. Ne2 bxc4 8. Nf4 e5
9. Ne2 Nbd7 10. Ng3 Nb6 11. Be2 Ng8 12. O-O Ne7 13. f4 exf4 14. Bxf4 Ng6 15. Qc1
Bxc3 16. Qxc3 O-O 17. Nh5 f6 18. Qg3 Kh8 19. Bxd6 Re8 20. Bf3 Ba6 21. Rfe1 Rc8
22. e5 fxe5 23. Bxe5 Re7 24. d6 Rxe5 25. Rxe5 Qf8 26. Rae1 Nxe5 27. Rxe5 Rd8 28.
Re7 Rd7 29. Qe5 Rxd6 30. Re8 1-0

[Event "chess.com SpeedChess Q2Sw"]
[Site "chess.com INT"]
[Date "2022.11.12"]
[Round "2"]
[White "Dudzinski, Pawel"]
[Black "Peyrer, Konstantin"]
[Result "0-1"]
[WhiteTitle "FM"]
[BlackTitle "FM"]
[WhiteElo "2186"]
[BlackElo "2393"]
[WhiteFideId "1117890"]
[BlackFideId "1640879"]
[EventDate "2022.11.12"]

1. e4 c6 2. d4 d5 3. exd5 cxd5 4. Bd3 Nc6 5. c3 g6 6. h3 Bg7 7. Nf3 Nh6 8. O-O
O-O 9. Re1 f6 10. c4 dxc4 11. Bxc4+ Kh8 12. a3 Nf7 13. Bf4 Nd6 14. Be6 Bxe6 15.
Rxe6 Qd7 16. d5 Nd8 17. Re2 N8f7 18. Nd4 Rfe8 19. Ne6 Nf5 20. Nc3 Bh6 21. Bh2
N5d6 22. Ne4 Nxe4 23. Rxe4 Rac8 24. Qb3 Ng5 25. Rf4 Nxe6 26. dxe6 Qc6 27. Rd4
Red8 28. Rad1 Rxd4 29. Rxd4 Qxe6 30. Qf3 Qe1# 0-1

[Event "chess.com SpeedChess Q2Sw"]
[Site "chess.com INT"]
[Date "2022.11.12"]
[Round "2"]
[White "Biastoch, Bennet"]
[Black "Bochnicka, Vladimir ml."]
[Result "0-1"]
[WhiteTitle "FM"]
[BlackTitle "FM"]
[WhiteElo "2232"]
[BlackElo "2350"]
[WhiteFideId "12939889"]
[BlackFideId "14943450"]
[EventDate "2022.11.12"]

1. e4 c5 2. Nf3 Nc6 3. d4 cxd4 4. Nxd4 Nf6 5. Nc3 e5 6. Ndb5 d6 7. Bg5 a6 8. Na3
b5 9. Bxf6 gxf6 10. Nd5 Bg7 11. c3 f5 12. exf5 Bxf5 13. Nc2 O-O 14. Nce3 Be6 15.
Bd3 f5 16. O-O Kh8 17. f4 e4 18. Bc2 b4 19. Bb3 bxc3 20. bxc3 Rc8 21. Rc1 Ne7
22. Qe2 Bxd5 23. Bxd5 Bxc3 24. Rxc3 Rxc3 25. Qb2 Qa5 26. Rc1 Rc8 27. Be6 Qc5 28.
Rc2 Qxe3+ 29. Kf1 Qd3+ 0-1

[Event "chess.com SpeedChess Q2Sw"]
[Site "chess.com INT"]
[Date "2022.11.12"]
[Round "2"]
[White "Hamley, Ryan"]
[Black "Chernov, Mikhail"]
[Result "1-0"]
[BlackTitle "FM"]
[WhiteElo "2080"]
[BlackElo "2213"]
[WhiteFideId "30959497"]
[BlackFideId "24143170"]
[EventDate "2022.11.12"]

1. e4 c5 2. Nf3 Nc6 3. Bb5 g6 4. O-O Bg7 5. c3 e5 6. Re1 Nge7 7. a4 O-O 8. Na3
a6 9. Bf1 d6 10. Nc4 h6 11. h3 Be6 12. b3 f5 13. exf5 gxf5 14. d3 Kh8 15. Bb2
Ng6 16. Qd2 Rg8 17. Kh1 Qe7 18. d4 e4 19. d5 exf3 20. Rxe6 fxg2+ 21. Bxg2 1-0

[Event "chess.com SpeedChess Q2Sw"]
[Site "chess.com INT"]
[Date "2022.11.12"]
[Round "2"]
[White "Korchmar, Vasiliy"]
[Black "Mouhamad, Joachim"]
[Result "1-0"]
[WhiteTitle "IM"]
[BlackTitle "FM"]
[WhiteElo "2438"]
[BlackElo "2266"]
[WhiteFideId "24131750"]
[BlackFideId "656410"]
[EventDate "2022.11.12"]

1. e4 c5 2. Nf3 Nc6 3. d4 cxd4 4. Nxd4 g6 5. c4 Nf6 6. Nc3 d6 7. f3 Nxd4 8. Qxd4
Bg7 9. Be3 O-O 10. Qd2 a5 11. Be2 a4 12. Rc1 Qa5 13. O-O Be6 14. Nd5 Bxd5 15.
Qxa5 Rxa5 16. cxd5 Nd7 17. Rc7 Nc5 18. Rxe7 Rc8 19. Rc1 Bxb2 20. Rc2 Bf6 21.
Rxb7 Raa8 22. Rb6 Rd8 23. Bxc5 1-0

[Event "chess.com SpeedChess Q2Sw"]
[Site "chess.com INT"]
[Date "2022.11.12"]
[Round "2"]
[White "Suleymanli, Aydin"]
[Black "Costachi, Mihnea"]
[Result "1-0"]
[WhiteTitle "GM"]
[BlackTitle "IM"]
[WhiteElo "2543"]
[BlackElo "2476"]
[WhiteFideId "13413937"]
[BlackFideId "1217518"]
[EventDate "2022.11.12"]

1. e4 e5 2. Nc3 Nf6 3. d4 exd4 4. Qxd4 Nc6 5. Qd3 Be7 6. Bf4 d6 7. O-O-O O-O 8.
f3 Be6 9. a3 Rb8 10. g4 b5 11. Nxb5 Qc8 12. Qc3 Qb7 13. Ne2 Rfd8 14. Ned4 Nxd4
15. Nxd4 Bd7 16. Rg1 Bf8 17. Nf5 Ne8 18. g5 Qc6 19. Nh6+ gxh6 20. gxh6+ Bg7 21.
Rxg7+ Kf8 22. Bc4 Be6 23. Bxe6 Qxc3 24. Rxf7+ Kg8 25. bxc3 1-0